Datum a čas kvízu

25 Celkem bodů Celkový počet nahraných bodů na tomto kvízu bez doplňovacích otázek.
8. Pořadí na kvízu Konečné umístění týmu na tomto kvízu.

Zaznamenané odpovědi

# Otázka Odpověď Body Výsledky
1. Dva roky po svatbě s kadeřníke... 1
4. Společnost Twitter na své inte... 1
2. Chystaná premiéra jednoho muzi... 0
1. Mezi občany od středy míří nov... 0.5
5. Fotbalisté v jisté evropské ze... 0
6. Tenis jste si vybrali při hlas... 1
7. Ve kterém městě došlo v prosin... 1
7. Jak nazýváme druh úderu, při k... 0
9. Který z povrchů, na kterých se... 1
10. K našim nejlepším tenistům se... 0